=LDR 00000nam 2200000 4500 =001 INLIS000000000026737 =990 ##$$a 20704652 =990 ##$$a 20704655 =005 20200402094610 =990 ##$$a 20704655 =990 ##$$a 20704652 =035 ##$$a 0010-061300000026737 =990 ##$$a 20704653 =990 ##$$a 20704653 =008 200402################g##########0#ind## =990 ##$$a 20704654 =990 ##$$a 20704654 =041 ##$$a ind =082 ##$$a 297 =090 ##$$a 2x0, ALM d =100 ##$$a Al-Munawar, Said Agil Husin =245 1#$$a Dimensi kehidupan dalam perspektif Islam /$c Prof. Dr. H. Said Agil Husin al Munawar, MA. =260 ##$$a Bogor :$b Pustaka Litera Antar Nusa,$c 2002 =300 ##$$a vii, 216 hlm. ; $c 21 x 15 cm =650 #4$$a Hidup dan Kehidupan Islam =850 ##$$a NBPNMAT =020 ##$$a 979-8100-41-7 =084 ##$$a 297 ALM d =990 ##$$a 20704652 =990 ##$$a 20704655 =990 ##$$a 20704653 =990 ##$$a 20704654